000 00733nam a22002057a 4500
999 _c166205
_d166205
005 20190716161006.0
010 _aENG-125956
020 _a9789353436629
_c580.00
035 _aEN-109488
037 _bDBAD/PUB
082 _a338.1
245 _aIntroduction to agricultural economics /
_cby John B.Penson...[et al]
250 _aSixth edition
260 _aNoida
_bPearson India Education
_c2019
270 _a15th Floor, Tower-B, World Trade Tower, Plot No.I, Block-C, Sector 16
_bNoida, Uttar Pradesh
_e201301
_mcompanysecretary.india@pearson.com
300 _axv,428p.
_c28cm(pbk)
500 _aIncludes bibliographical references and index
700 _aPenson, John B.
942 _2ddc
_cEN
_h338.1
_mINT